El nuevo espacio público
Guardat en:
| Autors principals: | , |
|---|---|
| Format: | Llibre |
| Idioma: | espanyol |
| Publicat: |
Barcelona
Gedisa
1998
|
| Col·lecció: | Colección El Mamífero Parlante. Serie Mayor
|
| Matèries: | |
| Etiquetes: |
Afegir etiqueta
Sense etiquetes, Sigues el primer a etiquetar aquest registre!
|
MARC
| LEADER | 00000cam a2200000 a 4500 | ||
|---|---|---|---|
| 001 | UCI5214 | ||
| 003 | CL-VaPUC | ||
| 008 | 080314e19980000SP |||||||||||||||||spa|d | ||
| 020 | |a 8474324343 | ||
| 082 | 0 | 4 | |a 302.23 |b FER |2 21 |
| 100 | 0 | |a Ferry, Jean Marc |e author |9 527384 | |
| 700 | 0 | |a Wolton, Dominique |e author |9 527385 | |
| 245 | 1 | 3 | |a El nuevo espacio público |
| 300 | |a 256 p | ||
| 942 | |c BK | ||
| 945 | |d 20080314 00:00:00 |a jtorresc | ||
| 260 | |a Barcelona |b Gedisa |c 1998 | ||
| 650 | 0 | |a Comunicación política |9 389711 | |
| 650 | 0 | |a Medios de comunicación |9 257206 | |
| 650 | 0 | |a Democracia |9 255256 | |
| 650 | 7 | |a TEORIA POLITICA |2 CL-VaPUC |9 527386 | |
| 650 | 7 | |a COMUNICACION DE MASAS |2 CL-VaPUC |9 334823 | |
| 650 | 0 | |a Sociología política |9 255920 | |
| 583 | |a last modification |c 20120724 01:32:55 |k Rodrigo Vera | ||
| 490 | 0 | |a Colección El Mamífero Parlante. Serie Mayor | |
| 999 | |c 328977 |d 328975 | ||
| 952 | |0 0 |1 0 |4 0 |6 302_230000000000000_FER_1998 |7 0 |8 A |9 413203 |a BIBCUR |b BIBCUR |d 2019-11-22 |i 4414373 |o 302.23 FER 1998 |p 4414373 |r 2025-04-22 |w 2019-11-22 |y BK |k PER | ||
| 952 | |0 0 |1 0 |4 0 |6 302_230000000000000_FER_1998 |7 0 |8 A |9 413204 |a BIBING |b BIBING |d 2019-11-22 |i 4874196 |o 302.23 FER 1998 |p 4874196 |r 2025-01-20 |w 2019-11-22 |y BK |k CUI | ||